| 000 | 00455nam a2200157 4500 | ||
|---|---|---|---|
| 008 | 161103b xxu||||| |||| 00| 0 eng d | ||
| 022 | _a9770118389007 | ||
| 082 | _aDPer 641.05 F73 Mar-Jul 2013 | ||
| 100 |
_916771 _aSamson, Tintin |
||
| 245 |
_aQueens of cake design/ _cTintin Samson. |
||
| 260 |
_aQuezon City: _bABS CBN Publishing, Inc., _cc2013. |
||
| 300 |
_apage 11; _c30 cm. |
||
| 500 | _aFood. | ||
| 650 | 0 |
_916772 _aCake |
|
| 942 |
_2ddc _cPER |
||
| 999 |
_c5451 _d5451 |
||